Estructuras del universo /

Guardat en:
Dades bibliogràfiques
Autor corporatiu: Simposio Estructuras del Universo ( Universidad de Santiago de Compostela)
Altres autors: Pajares, Carlos (dirección) (dirección)
Format: Actes de congresos Llibre
Idioma:espanyol
Publicat: Santiago de Compostela, España : Universidad de Santiago de Compostela : Consorcio de la Ciudad de Santiago de Compostela, 1995, c1995
Matèries:
Etiquetes: Afegir etiqueta
Sense etiquetes, Sigues el primer a etiquetar aquest registre!

MARC

LEADER 00000nam^a2200000^a^4500
001 000119861
005 20250521000000.0
009 20260310094330.549
020 |a 84-8121-241-5 
037 |a Acervo ITESO - Biblioteca 
041 |a ESP 
082 |a 530.  |b SIM 1993 
111 |a Simposio Estructuras del Universo (  |d 1993 :  |c Universidad de Santiago de Compostela) 
245 1 0 |a Estructuras del universo /  |c Dir. e introd. de C. Pajares ; pról. de Xerardo Estévez. 
264 4 |a Santiago de Compostela, España :  |b Universidad de Santiago de Compostela :  |b Consorcio de la Ciudad de Santiago de Compostela,  |c 1995, c1995 
300 |a 115 p. 
336 |a texto  |b txt  |2 rdacontenido 
337 |a sin mediación  |b n  |2 rdamedio 
338 |a volumen  |b nc  |2 rdasoporte 
649 |a XX 
650 |a Física -  |x Congresos 
650 |a Ciencias Exactas -  |x Congresos 
650 |a Materia 
650 |a Partículas (Física Nuclear) 
650 |a Topología 
650 |a Simetría 
650 |a Estética 
650 |a Música 
700 |a Pajares, Carlos  |e (dirección) 
910 |a Fondo General 
920 |a Impresos - Libros 
930 |a Colección General 
905 |a 101 
901 |a 0500054696  |b IT1  |c ACC  |u 20250521 
902 |a https://opac.biblio.iteso.mx/vufind/Record/000119861